Trenerzy Chelsea w XXI wieku - Statystyki

Ogólne statystyki
  • Ten quiz został rozwiązany 953 razy
    149 od ostatniego zresetowania
  • Średni wynik to 12 z 16
Statystyki odpowiedzi
Lata Narodowość Trener % Poprawnych
2021-2022 Niemcy Thomas Tuchel
98%
2004-2007 2013-2015 Portugalia Jose Mourinho
96%
2023-2024 Argentyna Mauricio Pochettino
90%
2019-2021, 2023 Anglia Frank Lampard
86%
2009-2011 Włochy Carlo Ancelotti
82%
2016-2018 Włochy Antonio Conte
81%
2024- Włochy Enzo Maresca
81%
2022-2023 Anglia Graham Potter
78%
2012 Włochy Roberto Di Matteo
75%
2018-2019 Włochy Maurizio Sarri
73%
2012-2013 Hiszpania Rafael Benitez
66%
2011-2012 Portugalia Andre Villas-Boas
60%
2009 2015-2016 Holandia Guus Hiddink
56%
2008-2009 Brazylia Luiz Felipe Scolari
54%
2000-2004 Włochy Claudio Ranieri
52%
2007-2008 Izrael Avram Grant
48%
Nie znaleziono quizów pasujących do podanych kryteriów
Rozkład punktacji
Procent ludzi z każdym wynikiem
Percentyl według liczby udzielonych odpowiedzi
Twoja historia wyników
Nie rozwiązałeś tego quizu od ostatniego zresetowania